Save My 401(k)!: What You Can Do Now to Rebuild Your Retirement Future (Record no. 571863)

MARC details
000 -LEADER
fixed length control field 00442nam a22001577a 4500
008 - FIXED-LENGTH DATA ELEMENTS--GENERAL INFORMATION
fixed length control field 250610b |||||||| |||| 00| 0 eng d
020 ## - INTERNATIONAL STANDARD BOOK NUMBER
ISBN 9780071736312
Paper back/Hardbound pbk
041 ## - LANGUAGE CODE
Language code of text/sound track or separate title eng
082 ## - DEWEY DECIMAL CLASSIFICATION NUMBER
Classification number 332.0240145 RYE
100 ## - MAIN ENTRY--AUTHOR NAME
Personal name Rye, David
245 ## - TITLE STATEMENT
Title Save My 401(k)!: What You Can Do Now to Rebuild Your Retirement Future
Statement of responsibility, etc / David Rye
260 ## - PUBLICATION, DISTRIBUTION, ETC. (IMPRINT)
Place of publication McGraw-Hill Education -
300 ## - PHYSICAL DESCRIPTION
Number of Pages 224pages
942 ## - ADDED ENTRY ELEMENTS (KOHA)
Koha item type English Books
Holdings
Withdrawn status Lost status Damaged status Not for loan Home library Current library Shelving location Date acquired Full call number Accession Number Price effective from Koha item type
        Anna Centenary Library Anna Centenary Library 4TH FLOOR, A WING 10.12.2010 332.0240145 RYE 404979 10.06.2025 English Books

Find us on the map